000 01595nam a2200253 a 4500
008 110902s2001 ||||||||||||||||| || u
020 _a0306464799
050 _aRA 771 Han
100 _aLoue, Sana
245 1 0 _aHandbook of rural health
_cedited by Sana Loue and Beth E. Quill
260 _aNew York
_bKluwer Academic/ Plenum
_c2001
300 _ax, 370p.: ill.
350 _a0.00
650 _aRURAL HEALTH SERVICES--HANDBOOKS, MANUALS, ETC
650 _aRURAL HEALTH--HANDBOOKS, MANUALS, ETC
650 _aPUBLIC HEALTH--HANDBOOKS, MANUALS, ETC
650 _aHEALTH
700 _aQuill, Beth E
995 _aMICHAEL CHILUFYA SATA OPEN ACCESS
_D0.00
_e900868
_FCBU-SCHOOL OF MEDICINE LIBRARY (Ndola)
_H1
_I0.00
_jRA 771 HAN
_M5
_UAVAILABLE
_WOct 19, 2011
_y900868
_ZMedical Library Open Access Collection
995 _aMICHAEL CHILUFYA SATA OPEN ACCESS
_D0.00
_e900865
_FCBU-SCHOOL OF MEDICINE LIBRARY (Ndola)
_H1
_I0.00
_jRA 771 HAN
_M2
_UAVAILABLE
_WOct 19, 2011
_y900865
_ZMedical Library Open Access Collection
995 _aMICHAEL CHILUFYA SATA OPEN ACCESS
_D0.00
_e900864
_FCBU-SCHOOL OF MEDICINE LIBRARY (Ndola)
_H1
_I0.00
_jRA 771 HAN
_M1
_UAVAILABLE
_WOct 19, 2011
_y900864
_ZMedical Library Open Access Collection
995 _aMEDICAL LIBRARY OPEN ACCESS
_D0.00
_e900867
_FCBU-SCHOOL OF MEDICINE LIBRARY (Ndola)
_H1
_I0.00
_jRA 771 HAN
_M4
_UAVAILABLE
_WOct 19, 2011
_y900867
_ZMedical Library Open Access Collection
995 _aMEDICAL LIBRARY OPEN ACCESS
_D0.00
_e900866
_FCBU-SCHOOL OF MEDICINE LIBRARY (Ndola)
_H1
_I0.00
_jRA 771 HAN
_M3
_UAVAILABLE
_WOct 19, 2011
_y900866
_ZMedical Library Open Access Collection
999 _c63937
_d63937